000 00450nab a2200145Ia 4500
003 ES-SlBCS
005 20240705011024.0
008 140529s1982 xxu||||| |||| 00| 0 spa d
041 _aspa
100 1 _aVerene, Donald Philip
_9159145
245 0 0 _aLa imaginación en Hegel
_c Donald Philip Verene
600 1 0 _aHegel, Georg Wilhelm Friedrich
_d(1770-1831)
_917206
773 0 _tRevista de Filosofia
_gvol. 20, 1982, págs. 23-36
_wRev695
942 _cAR
999 _c715805
_d715805